000 00368nam a2200133Ia 4500
008 151001s9999||||xx |||||||||||||| ||und||
100 _aबिमान बसू
245 _aमानव कि कहाणी
250 _a1
260 _bनशनल बुक ट्रस्ट मुंबई
260 _c2000
300 _a80
365 _b21
999 _c978079
_d978076